[Event "London Classic 7th"]
[Site "London"]
[Date "2015.12.07"]
[Round "4"]
[White "Carlsen, Magnus"]
[Black "Adams, Michael"]
[Result "1/2-1/2"]
[WhiteElo "2850"]
[BlackElo "2744"]
[Annotator "Prathamesh,Sunil Mokal"]
[PlyCount "155"]
[EventDate "2015.12.04"]
[EventType "tourn"]
[EventRounds "9"]
[EventCountry "ENG"]
[EventCategory "22"]
[SourceTitle "CBM 170"]
[Source "ChessBase"]
[SourceDate "2016.01.15"]
[SourceVersion "1"]
[SourceVersionDate "2016.01.15"]
[SourceQuality "1"]

1. Nf3 ({On move number 33 in the main game below, Carlsen was of the opinion that perhaps he should have taken the  with his  and gone for a  vs  endgame with 3 other s each on the kingside. That endgame would be somewhat similar to the following one that occured in Tkachiev - Van Wely, 2003 with light notes by endgame expert Karsten Mueller in CBM 95. It went -} 1. d4 Nf6 2. c4 g6 3. g3 Bg7 4. Bg2 d5 5. cxd5 Nxd5 6. Nf3 Nb6 7. Nc3 Nc6 8. e3 e5 9. d5 Nb4 10. e4 c6 11. a3 Na6 12. a4 O-O 13. a5 Nc4 14. Qb3 cxd5 15. Nxd5 Nxa5 16. Qc3 b6 17. b4 Bb7 18. bxa5 Bxd5 19. axb6 axb6 20. exd5 e4 21. Nd4 Qxd5 22. Be3 Rfc8 23. Qd2 Rc4 24. O-O Rxd4 25. Bxd4 Qxd4 26. Qxd4 Bxd4 27. Ra4 Bc3 28. Bxe4 Ra7 29. Bd3 Ba5 30. Bxa6 Rxa6 {This is the structure and material balance that we are talking about.} 31. Rd1 Ra7 32. g4 Kg7 33. Rad4 Bc3 34. Rd7 Ra4 35. h3 Rf4 36. Kg2 b5 $5 37. R1d3 b4 38. Rb7 h6 39. Rf3 Rf6 40. Rxf6 Kxf6 {Without the b-pawn Black's position is theoretically lost, but with it matters are not completely clear. The game is not conclusive proof, so further analysis is needed.} 41. Kf3 h5 $6 {opens for White many inroads on the light squares.} (41... Be1 $142) 42. gxh5 gxh5 43. Rb5 Kg6 44. Ke4 Be1 45. f4 Bc3 46. Rb6+ f6 47. Rc6 Bb2 48. Rd6 Bc3 49. Rd3 Be1 $6 (49... f5+ $5 {came strongly into consideration}) 50. Re3 Bd2 51. Rg3+ Kf7 52. Kf5 Ke7 53. Rd3 (53. Rg7+ $5 Kd6 54. Rh7 Kc5 55. Ke4 $16 (55. Kxf6 $2 b3 56. Rb7 b2 {[%cal Gd2b4]} 57. Rxb2 Bc3+ $11)) 53... Bc3 54. Ke4 Kf7 55. f5 Kg7 56. Rg3+ Kh7 57. Kd5 Be5 58. Re3 Kh6 59. Ke6 Bd4 (59... Bc3 60. h4 Kg7 61. Ke7 Kh7 62. Kf7 Be5 63. Rb3 Bc3 64. Rb1 Kh8 65. Rg1 b3 66. Rg8+ Kh7 67. Rg7+ Kh8 68. Kg6 b2 69. Rc7 $18) (59... Kg5 $2 {is refuted nicely:} 60. Rxe5 fxe5 61. f6 b3 62. f7 b2 63. f8=Q b1=Q 64. Qf6#) 60. Rg3 $1 Be5 61. Rg6+ Kh7 62. Kf7 h4 (62... b3 63. Rg7+ Kh8 (63... Kh6 64. h4 b2 65. Kg8 b1=Q 66. Rg6#) 64. Kg6 b2 65. Rd7 Bc7 66. Rxc7 b1=Q 67. Rc8#) 63. Rg4 Kh6 64. Rxb4 Kg5 65. Ke6 {1-0 (65) Tkachiev,V (2642)-Van Wely,L (2675) France 2003 CBM 095 [Mueller,Karsten]} (65. Ke6 Ba1 66. Rg4+ Kh5 67. Rg6 Bd4 68. Rxf6 $18)) 1... d5 2. g3 Bg4 3. Bg2 c6 4. O-O e6 5. d3 Bd6 6. c4 ({RR} 6. h3 Bh5 7. c4 Ne7 8. Nc3 O-O 9. Qb3 Nd7 10. d4 Qb6 11. Rd1 Qxb3 12. axb3 Bxf3 13. Bxf3 f5 14. e3 a6 15. Bd2 Nf6 16. Be1 g5 17. Be2 h5 18. f3 g4 19. hxg4 hxg4 20. fxg4 fxg4 {Kramnik,V (2808)-Jobava,B (2707) Leuven 2017 1-0 (66)}) 6... Ne7 7. cxd5 ({RR} 7. Nbd2 O-O 8. b3 a5 9. a3 Nd7 10. Bb2 e5 11. h3 Bh5 12. Qc2 f6 13. e3 Bf7 14. Rac1 Re8 15. Rfe1 Nf8 16. Nb1 Ne6 17. Nc3 Rc8 18. Rcd1 Qb6 19. Na4 Qa6 20. c5 Bc7 21. e4 Rcd8 {Srihari,L (2366)-Zhigalko,S (2572) chess.com INT 2025 0-1 (45)}) 7... exd5 8. Nc3 O-O $146 ({RR} 8... Nd7 9. Qb3 Nc5 10. Qc2 Ne6 11. Qa4 h5 12. e4 Bxf3 13. Bxf3 d4 14. Ne2 h4 15. Bg2 Ng6 16. f4 hxg3 17. hxg3 Nc5 18. Qc4 Qd7 19. Nxd4 b5 20. Qc3 b4 21. Qc4 Nxd3 22. Qxd3 Bc5 23. Be3 {Khachatryan,V (1975)-Skigelstrand,L (1720) Bratislava 2019 1-0 (42)}) 9. h3 Bh5 10. e4 Na6 $146 {In two previous games the  had been developed to d7. From a6 the  can find a nice shielded square on c7 to protect d5 while if needed, it can play an active role from b4 or c5.} (10... Nd7 {[%cal Yd7e5]} 11. Qc2 (11. exd5 cxd5 (11... Nxd5 12. Nxd5 cxd5 13. Qb3 $14) 12. g4 Bg6 13. Nh4 $14) 11... Rc8 12. Nd4 {[%cal Yf2f4]} (12. Be3 $5) 12... Bg6 13. f4 $6 Bc5 (13... Qb6 $15) 14. Be3 $14 {1-0 Miles,A (2595)-Vera Gonzalez Quevedo,R (2535)/Havana 1998 (53), with a slight advantage of space.}) (10... dxe4 11. dxe4 Qc7 12. Qc2 Nd7 13. Be3 Rad8 14. Nd4 $14 {½-½ Berkovich,M (2334)-Azarov,S (2603)/Cappelle la Grande 2014 (31); was also slightly better for White.}) 11. exd5 (11. g4 Bg6 12. Nd4 $5 {[%cal Gf2f4] f2-f4-f5.} (12. Nh4) 12... Re8 13. f4 Bc5 (13... Qb6 14. Be3 Qxb2 $13) 14. Be3 $13) 11... cxd5 (11... Nxd5 12. Nxd5 cxd5 13. Qb3 $14) 12. Re1 ({Worth considering was} 12. g4 Bg6 13. Nh4 {to pocket the  advantage.}) 12... Nc6 13. d4 (13. g4 $5 Bg6 14. Nxd5 Nc5 $132 (14... Nab4 $5 15. Nxb4 Nxb4 16. Ne5 Re8 (16... Nxd3 17. Nxd3 Bxd3 18. Bxb7 (18. Qxd3 $2 Bh2+ $19) 18... Rb8 19. Qf3 $14) 17. Bd2 Bxe5 18. Bxb4 Bxd3) 15. d4 Nd3) 13... Nc7 14. a3 h6 15. b4 Rc8 (15... Re8 $5 16. Rxe8+ (16. Bb2 $6 Rxe1+ 17. Qxe1 Bxf3 18. Bxf3 Nxd4) 16... Qxe8 17. Bb2 $14 {[%cal Gd1d2,Ga1e1,Gd2d3]}) 16. Bb2 a6 $6 {Adams "My ...a6 move was not very clever, because it gave him a clear plan."} (16... Re8 $5) 17. Na4 $1 {[%csl Rb6,Rc5] Carlsen immediately pounces on the weakened squares.} a5 18. Nc5 (18. Nb6 $5 Rb8 19. bxa5 Nxa5 20. g4 Bg6 21. Ne5 {[%cal Gb6d7,Ge5d7,Ge5g6]} Bxe5 22. dxe5 $16 {[%csl Rd5][%cal Gb2d4,Gf2f4]}) 18... axb4 19. axb4 Rb8 (19... b6 20. Qa4 $1 bxc5 21. dxc5 $16 {[%csl Rc6,Rd6]} Nxb4 22. cxd6 Qxd6 23. Be5 Qb6 24. Rab1 Nca6 25. Bd4 Qd6 26. Nh4 $1 $16 {[%csl Rd6,Rg7][%cal Gh4f5]} Bg6 27. Nxg6 fxg6 28. Bf1 $16 {[%csl Ra6,Rb4] Black's pieces are stuck.}) 20. Qa4 (20. Qb3 $5 b6 21. Nd3 {[%cal Gd3e5,Gf3e5,Gd3b4]} f6 (21... Bxf3 22. Bxf3 Ne6 23. Qxd5 Nxb4 24. Qb3 $16 {[%csl Gb2,Gd4,Gf3]}) 22. Rac1 $14) 20... Bxf3 21. Bxf3 Qf6 22. Qb3 (22. Bg4 $5 Bxc5 23. bxc5 $14) 22... Rfd8 23. Bg4 Nxd4 {Black finds the best way to fight, giving up an exchange.} (23... Qg6 24. b5 Ne7 (24... Na5 25. Rxa5 b6 26. Ra7 bxc5 27. dxc5 Rxb5 28. Qf3 $1 Rxb2 29. cxd6 Ne6 30. Qxd5 $18) 25. b6 Ne8 26. Ra7 $18) (23... Qg5 24. b5 $16) (23... Ra8 24. Kg2 (24. Nxb7 Bxb4) 24... Rxa1 25. Rxa1 b6 26. Nb7 Rb8 27. b5 Nxd4 28. Nxd6 Nxb3 29. Bxf6 Nxa1 30. Bxa1 $16) (23... Bxc5 24. bxc5 $16 {[%csl Gb2,Rb7,Rd5,Gg4]}) 24. Bxd4 Qxd4 25. Red1 Qc4 26. Qxc4 dxc4 27. Nd7 {[%csl Rd6]} Rxd7 (27... Bxb4 28. Ra4 {would be similar to the game.}) 28. Bxd7 {Adams "I was not very optimistic about my chances here."} Bxb4 29. Ra4 Bc5 $1 {Adams visualises a nice fortress. Although not an impeccable one, this fortress seems like his best chance to fight for a draw.} (29... Na6 30. Rc1 c3 31. Bb5 $16 {[%csl Ra6,Rb4,Rb8,Rc3][%cal Ga6b4,Gb4c3,Gb8b4] and Black's pieces are all stuck defending each other.}) 30. Rxc4 b6 {Carlsen "I just assumed that I should be able to break down this fortress somehow. But maybe it is not that easy."} 31. Kg2 g6 32. Bc6 Ne8 33. Rd7 ({Carlsen "Perhaps I should have taken the  with} 33. Bxe8 Rxe8 34. Rd7 $14 {with slightly better chances to win than in the game." A similar situation occured in Tkachiev vs Van Wely, 2003 which you can find above in the note to the 1st move.}) 33... Nf6 34. Ra7 Kg7 35. Ra8 Rxa8 36. Bxa8 h5 37. Ra4 Ng8 38. Bd5 Ne7 39. Ba2 Nc6 ({Black could also think about going for his desired setup immediately with} 39... Nf5 $5 {[%cal Gf5d6]}) 40. Ra8 Nb4 41. Bc4 Nc6 42. f4 Ne7 43. Kf3 ({Adams was worried about} 43. Ra7 $5 {but Carlsen rejected it because of} h4 {which seems to be simplifying towards a draw. For example} (43... b5 $2 44. Ra5 $18) 44. gxh4 (44. g4 b5 45. Ra5 (45. Rc7 Bd6 46. Rd7 Bxf4) 45... Bd6 46. Rxb5 Bxf4 $11) 44... b5 45. Ra5 Bd6 46. Rxb5 Bxf4 47. Rb7 Bd6 $13) 43... Nf5 44. Ra7 Nd6 ({Nakamura was of the opinion that keeping the  on e7 would secure an easier draw, but the players were not sure about this assessment. While Adams thought that the White  would penetrate via b5-a6-b7-c7 and so on, Carlsen thought that e4-e5 at some point might create problems for Black. I tried both these ideas, but could not find anything clear -} 44... Ne7 45. Ke4 Kf6 (45... b5 46. Rc7 Bd6 47. Rd7 $18) 46. Rb7 Kg7 47. Kd3 (47. g4 hxg4 48. hxg4 Kf6 49. g5+ Kg7 50. Kd3 Kf8 51. Kc2 Bd6) (47. Ke5 Nc6+ 48. Kd5 Ne7+ 49. Ke4 Kf6 50. g4 hxg4 51. hxg4 Kg7 52. g5 Kf8 53. Ke5 Kg7 54. Rc7 Kf8 {It is still not clear how White can make progress.} 55. Rd7 (55. Rxc5 bxc5 56. Kf6 Ng8+ $11) (55. Kf6 $4 Bd4#) 55... Ke8 56. Rb7 Kf8) 47... Kf8 48. Kc3 Kg7 (48... Bf2 49. g4 hxg4 50. hxg4 Be3 51. f5 gxf5 52. gxf5) 49. Kb3 Kf8 50. Ka4 Bf2 51. g4 hxg4 52. hxg4 Bc5 53. Kb5 Kg7 54. Ka6 Kf8 55. Ba2 (55. Rc7 Bd6) 55... Kg7 56. Ra7 (56. Rd7 Kf8 57. Kb7 Be3 58. Rd8+ Kg7 59. Re8 Bc5 60. Kc7 Ng8 61. g5 Ne7 62. Kd7 Nf5 63. Bb1 Nd6 (63... Ng3 $5 {[%cal Gg3h5]})) 56... Kf8 57. Kb7 {and in spite of getting the  into the enemy camp I found it tough to make progress. Some sample variations -} Be3 58. Ra8+ (58. Ra4 Ng8 59. Re4 Bc5 60. g5 Ne7 61. Kc7 Kg7 62. Kd7 Nf5) 58... Kg7 59. Re8 Bc5 60. Bb3 Ng8 (60... Kf6 61. Rf8) 61. Rd8 Nh6 (61... Ne7 62. Rd7 Kf8 63. Kc7) 62. Rd7 (62. g5 Nf5 63. Rd7 Ne7 64. Kc7 Kf8 65. Rd1 (65. Kd8 Nc6+ 66. Kc7 Ne7) 65... Be3 66. Kd7 Nf5 $13) 62... g5 $5 (62... Nxg4 63. Rxf7+ Kh6 64. Bc2) 63. f5 (63. fxg5 Nxg4 64. Rxf7+ Kg6 65. Be6 Ne3 $11) 63... Nxg4 64. Rxf7+ Kh6 65. Rc7 Ne5 66. f6 Kg6 67. f7 Bd6 68. Ka6 Kg7 69. Ra7 g4 70. Ra8 Bf8 $11) 45. Bd5 Bd4 46. Rd7 Bc5 47. Ba2 Kf6 48. g4 hxg4+ 49. hxg4 Kg7 50. Rd8 Nb7 51. Rd7 Nd6 52. Ke2 Kf8 53. Kd3 Kg7 54. Bd5 Kf8 55. Rd8+ Kg7 56. Bc6 Kh7 57. g5 Kg7 58. Bd5 Kh7 59. Rd7 Kg7 60. Ke2 Kf8 61. Kf3 Ke8 62. Rc7 Bd4 (62... Kf8 $5) 63. Kg4 (63. Bxf7+ Nxf7 64. Rc6 Nh8 {[%cal Gd4b6,Gd4h8,Gh8g6]} 65. Ke4 Kd7 $11) 63... Be3 $6 {After a lot of manouvering, Adams makes a slip, overlooking White's strong idea.} ({He should have played} 63... Kf8 $142 {not allowing f7. Then Carlsen was intending to use the idea of} 64. f5 (64. Bxf7 $2 Nxf7 65. Rc6 Kg7 $11) 64... gxf5+ 65. Kh5 {, with minor chances, according to him. This would still be a draw, but it would require some accuracy from Black (less than the game though).}) 64. Bxf7+ $1 {Adams admitted to having overlooked this point. But luckily, he managed to collect himself and continue to find the best resources in a difficult position.} Nxf7 65. Rc6 Bd4 66. Rxg6 b5 {[%csl Gd4,Gd6,Gf7][%cal Gf7d6,Gd4h8,Gd4a1,Gb5b4,Gb4b3,Gb3b2,Ge8d7] Black has a striking harmony and flexibility between his ,,&. Its like they are all there for each other, always. He can use the  as a decoy for the , or he can even think about sacrificing the 2 pieces for White's two pawns and draw the + vs + ending.} 67. Rg8+ (67. Kf3 $5 b4 68. Ke4 Bc3 69. Rb6 Kd7 70. Kd5 Ke7 71. g6 Nh6 $11) (67. Kh5 Kd7 $1 $11 {[%cal Gf7d6]}) 67... Kd7 68. f5 (68. Rb8 Nd6 69. f5 Kc7 70. Ra8 b4 71. Ra4 Bc3) (68. Ra8 b4 69. g6 Nd6 70. g7 Bxg7 71. Ra7+ Kc6 72. Rxg7 b3 73. Re7 Kc5 $11) 68... Be3 $1 {Carlsen underestimated this defense. He thought White would win this but he missed 74...e7 in the variation below with 73.h5.} 69. Rg7 (69. g6 $2 Nh6+ 70. Kf3 Nxg8 71. Kxe3 $11) 69... Ke8 70. Rg8+ Kd7 71. Rg7 Ke8 72. g6 Nh6+ $1 73. Kf3 (73. Kh5 Nxf5 74. Rf7 Ne7 $1 $11 (74... Nh6 $2 75. Rf3 Bd2 76. g7 $18 {[%cal Gh5g6]} b4 77. Kg6 Ke7 78. Rd3 Bc1 79. Rd1 Bf4 80. Rd4 Bc1 81. Rxb4 Bd2 (81... Ng8 82. Rb8 Nh6 83. Rh8 $18) 82. Re4+ Kd7 83. Rd4+ $18) (74... Nd6 $2 75. Rf6 $18 {[%csl Rd6,Re3][%cal Gf6e6]})) 73... Nxf5 74. Rf7 Nh4+ 75. Kxe3 Nxg6 76. Rb7 b4 77. Ke4 b3 78. Rxb3 1/2-1/2